<?xml version="1.0" encoding="UTF-8"?><?xml-stylesheet type="text/xsl" href="static/style.xsl"?><OAI-PMH xmlns="http://www.openarchives.org/OAI/2.0/" xmlns:xsi="http://www.w3.org/2001/XMLSchema-instance" xsi:schemaLocation="http://www.openarchives.org/OAI/2.0/ http://www.openarchives.org/OAI/2.0/OAI-PMH.xsd"><responseDate>2026-06-01T04:30:32Z</responseDate><request verb="GetRecord" identifier="oai:riuma.uma.es:10630/38680" metadataPrefix="marc">https://riuma.uma.es/rest/oai/request</request><GetRecord><record><header><identifier>oai:riuma.uma.es:10630/38680</identifier><datestamp>2026-02-03T12:48:24Z</datestamp><setSpec>com_10630_4046</setSpec><setSpec>com_10630_10</setSpec><setSpec>col_10630_37938</setSpec></header><metadata><record xmlns="http://www.loc.gov/MARC21/slim" xmlns:dcterms="http://purl.org/dc/terms/" xmlns:doc="http://www.lyncode.com/xoai" xmlns:xsi="http://www.w3.org/2001/XMLSchema-instance" xsi:schemaLocation="http://www.loc.gov/MARC21/slim http://www.loc.gov/standards/marcxml/schema/MARC21slim.xsd">
   <leader>00925njm 22002777a 4500</leader>
   <datafield ind2=" " ind1=" " tag="042">
      <subfield code="a">dc</subfield>
   </datafield>
   <datafield ind2=" " ind1=" " tag="720">
      <subfield code="a">González Báez, María del Mar</subfield>
      <subfield code="e">author</subfield>
   </datafield>
   <datafield ind2=" " ind1=" " tag="260">
      <subfield code="c">2015</subfield>
   </datafield>
   <datafield ind2=" " ind1=" " tag="520">
      <subfield code="a">La comunicación que presento está extraída del Trabajo Fin de Máster que presenté el&#xd;
curso pasado en el Máster de Profesorado de Educación Secundaria Obligatoria,&#xd;
Bachillerato, Formación Profesional y Enseñanza de idiomas, dentro de la especialidad&#xd;
Historia, Geografía, Filosofía e Historia del Arte. Mi formación, concretamente, ha sido&#xd;
de Licenciatura en Historia y por ello, en esta asignatura principalmente desarrollé mi&#xd;
experiencia docente. Las prácticas fueron llevadas a cabo en el IES Portada Alta, en 4º&#xd;
de la ESO no bilingüe; la elección del centro, el curso, la unidad didáctica seleccionada&#xd;
tenían una finalidad clara, poner en práctica toda la creatividad docente de la que podía&#xd;
hacer uso dentro de la institución, y en esa búsqueda y en ese autoconocimiento usé&#xd;
estrategias de comunicación, diferentes herramientas audiovisuales encaminadas a que&#xd;
el alumnado participara y se mostrara activo ante mi docencia. Es decir, elaboré una&#xd;
unidad didáctica basada en diferentes herramientas dirigidas a la metodología activaparticipativa.</subfield>
   </datafield>
   <datafield ind1="8" ind2=" " tag="024">
      <subfield code="a">978-84-606-8099-4</subfield>
   </datafield>
   <datafield ind1="8" ind2=" " tag="024">
      <subfield code="a">https://hdl.handle.net/10630/38680</subfield>
   </datafield>
   <datafield tag="653" ind2=" " ind1=" ">
      <subfield code="a">Investigación activa en educación</subfield>
   </datafield>
   <datafield tag="653" ind2=" " ind1=" ">
      <subfield code="a">Enseñanza - Innovaciones</subfield>
   </datafield>
   <datafield tag="653" ind2=" " ind1=" ">
      <subfield code="a">Creatividad (Educación)</subfield>
   </datafield>
   <datafield ind2="0" ind1="0" tag="245">
      <subfield code="a">Experiencia de docencia creativa de la asignatura de Historia a través de la metodología activa</subfield>
   </datafield>
</record>
</metadata></record></GetRecord></OAI-PMH>